Cinéma par lettre - G - Statistiques

Statistiques générales
  • Ce quiz a été pris 195 fois
  • Le résultat moyen est 11 sur 20
Statistiques - réponses
Questions Réponses % Correct
Quel monstre mi gorille mi baleine japonais a été mis en scène au cinéma pour la première fois en 1954 ? Godzilla
94%
Quel film, comédie de 1978, réunit John Travolta et Olivia Newton John ? Grease
87%
Quel film met en scène Russel Crowe dans la peau du romain Massimus, fidèle de Marc Aurèle ? Gladiator
82%
Quel acteur américain joue le rôle de Ken dans "Barbie" ? Ryan Gosling
81%
Quel film français reprend le roman d'Emile Zola traite des miniers du Nord et plus particulièrement d'Etienne Lantier, lançant des mouvements de grève à la fin du XIXème siècle ? Germinal
80%
Quel acteur américain est connu pour son interprétation de Spider-Man au cinéma mais également un infirmier de guerre dans "Tu ne tueras point" ? Andrew Garfield
66%
Quel film met en scène Clint Eastwood, un vétéran de la Guerre de Corée, seulement préoccupé par sa Ford (modèle donnant son non au film) ? Gran Torino
60%
Quel acteur français, formant un célèbre duo avec Antoine de Caunes, joue le rôle de Serge Benamou dans "La Vérité si je mens" ? José Garcia
60%
Quel acteur a les rôles principaux dans "Mad Max" ainsi que dans "Braveheart" ? Mel Gibson
59%
Quel acteur français à la voix très grave joue dans "La Traversée de Paris" et le "Quai des Brumes" ? Jean Gabin
54%
Quel acteur britannique joue le rôle de Ron Weasley dans "Harry Potter" ? Rupert Grint
53%
Quel acteur américain joue dans "American Gigolo" et "Pretty Woman" ? Richard Gere
52%
Quel film relate l'histoire d'un riche homme joué par Robert Redford donnant des fêtes dans sa grande maison, tiré d'un roman de Francis Fitzgerald ? Gatsby le Magnifique
51%
Quelle série met en scène des étudiants tous accrocs à une blogueuse internet révélant chaque rumeur sur leur communauté ? Gossip Girl
49%
Quel acteur français interprète Gerber dans la série de films des "Gendarmes" ? Michel Galabru
46%
Quel film de 1984 évoque l'arrivée de phénomènes paranormaux à New-York ? Ghost Buster
34%
Quel humoriste et vidéaste français est connu pour ses caméras cachées sur Youtube ? Greg Guillotin
32%
Quel film de 1956 voit Henri Fonda et Audrey Hepburn jouer les rôles d'aristocrates russes au début du XIXème siècle (tiré d'un roman de Léon Tolstoï) ? Guerre et Paix
32%
Quel film de 2002 met en scène Leonardo Di Caprio alias "Amsterdam Vallon" retournant à New-York afin de tuer l'assassin de son père ? Gang of New-York
27%
Quel acteur américain, géant du cinéma, joue dans "Autant en emporte le vent" et "L'Appel de la forêt" ? Clark Gable
24%
Aucun quiz correspondant
Distribution des résultats
% des personnes avec chaque résultat
Percentile par nombre de réponses
Votre historique - résultats
Vous n’avez pas pris ce quiz